00413 a2200121 4500001001000000005001700010008004100027245011300068100002700181700002400208773004200232999001700274ART_6008220260410161636.0260409a 10aApuntes para iniciar la implementación del sistema de costos en el sector público nacional no financiero1 aPeralta, Jorge Alberto1 aSardi, Jorge Carlos0 tEnfoquesg- N° 1 (ene. 2024)wREV416 c12933d12933